000 00587nab a2200157Ia 4500
003 ES-SlBCS
005 20210601144330.0
008 140529s1973 xxu||||| |||| 00| 0 spa d
041 _aspa
100 1 _aSilva Jiménez, David
_9298769
245 0 0 _aEl C.O.U. y las nuevas tendencias en la educación superior
_c David Silva Jiménez, Ignacio Dendaluce Segurola
610 2 4 _aC.O.U.
_9226893
700 1 _aDendaluce Segurola, Ignacio
_9298766
773 0 _tRevista de Ciencias de la Educacion (Antes: Revista Calasancia)
_gvol. 19, nº. 74-75, 1973, págs. 177-186
_wRev1696
942 _cAR
999 _c706992
_d706992